| 000 | 00358nam a2200121Ia 4500 | ||
|---|---|---|---|
| 008 | 250110s9999 xx 000 0 und d | ||
| 041 | _aeng | ||
| 100 |
_aKolhe Kavita _9182677 |
||
| 245 | _aLandscape Development Of Muktai Temple Precinct At Narayangaon | ||
| 260 |
_bM Arch Landscape, Pune _c2014 |
||
| 300 | _a62p | ||
| 700 |
_aGuide Name:Verma Aarti _9210352 |
||
| 999 |
_c363544 _d363544 |
||